| 000 | 00654 a2200193 4500 | ||
|---|---|---|---|
| 010 | _aENG-88991 | ||
| 020 |
_c850.00 _a9788183771054 |
||
| 035 | _aEN-72524 | ||
| 037 | _bDBAD / PUB | ||
| 082 | 1 | 4 | _a581.07 |
| 090 |
_c9812 _d9812 |
||
| 100 | _aSharma, Sushil K. | ||
| 245 | 1 | 0 |
_aTeaching of Botany / _cby Sushil K. Sharma |
| 260 |
_aNew Delhi _bMahaveer & Sons _c2007 |
||
| 270 |
_a3072/28, 1st Floor, Gola Market, Darya Ganj, (Near Golcha Parking) _bNew Delhi _e110 002 |
||
| 300 |
_avi, 340p. _c22 cm (Hb) |
||
| 942 |
_adpl _cEN _k581.07 / SHA |
||
| 999 |
_c9633 _d9633 |
||